Matematická analýza /

Gespeichert in:
Bibliographische Detailangaben
Hauptverfasser: Gillman, Leonard (Verfasst von), McDowell, Robert H (Verfasst von)
Weitere Verfasser: Adámek, Jiří (Übersetzung)
Format: Buch
Sprache:Tschechisch
Veröffentlicht: Praha : SNTL, 1980
Ausgabe:1.vyd.
Schlagworte:
Tags: Tag hinzufügen
Keine Tags, Fügen Sie das erste Tag hinzu!

MARC

LEADER 00000nam a22000003a 4500
001 stu36431
005 20150617225727.9
008 920603s1980----cs------------------cze-d
040 |a STU  |b slo 
041 0 |a cze 
044 |a cs 
080 |a 517(075.8) 
100 1 |a Gillman, Leonard  |4 aut 
245 1 |a Matematická analýza /  |c [aut.]Leonard Gillman, Robert H. McDowell; Z angl. J. Adámek 
250 |a 1.vyd. 
260 |a Praha :  |b SNTL,  |c 1980 
300 |a 603 s 
650 7 |a Analýza matematická  |2 stusub 
700 1 |a McDowell, Robert H  |4 aut 
700 1 |a Adámek, Jiří  |4 trl 
996 |b 284M019539  |c M*1552-3  |l MMKN  |s A  |a 24  |w stu36431_0001 
996 |b 284M019540  |c M*1552-4  |l MMKN  |s A  |a 24  |w stu36431_0002 
996 |b 284M019474  |c M*1552-6  |l MMKN  |s A  |a 24  |w stu36431_0003 
996 |b 284M019537  |c M*1552-7  |l MMKN  |s A  |a 24  |w stu36431_0004 
996 |b 284M019538  |c M*1552-8  |l MMKN  |s A  |a 24  |w stu36431_0005